Historia de la apicultura argentina : datos complementarios /

Guardado en:
Autor Principal: Bierzychudek, Antonio.
Formato: Libro
Idioma:Spanish
Etiquetas: Agregar Etiqueta
Sin Etiquetas, Sea el primero en etiquetar este registro!
LEADER 00438nam a22001335a 4500
001 EEA.libagro009205
008 130809s2011####ag############000#0#spa#d
005 20200218103018.0
245 1 0 |a Historia de la apicultura argentina :  |b datos complementarios /  |c Antonio Bierzychudek. 
300 |a 20 p. ;  |c 28 cm. 
020 |a 9789872698904 
100 1 |a Bierzychudek, Antonio. 
082 0 4 |a 638.10982 
859 |a AR-BbBCA  |b BIB. AGRONOMIA  |h 638.10982  |i B588-1  |p 2013/6269